000 01509nab a2200301 a 4500
005 20250321073607.0
007 ta
008 250320e2002 dr un|p|r||||||0| | spa d
040 _aDO-SdBNP
_cBNPHU
_erda
041 _hspa
100 1 _aPeralta Romero, Rafael,
_d1948-
_eautor
_979774
222 _aCuento
245 _aLa niña que parecía de agua /
_cRafael Peralta Romero.
264 _aSanto Domingo, República Dominicana :
_bClodomiro Moquete,
_c2002.
300 _apágina, 3 :
_bilustraciones ;
_c29 cm.
310 _aMensual.
336 _atexto
_btxt
_2rdacontent
337 _asin mediación
_bn
_2rdamedia
338 _avolumen
_bnc
_2rdacarrier
362 _aAño.1: no.3 (mar. 1994).
500 _aEste es el primero de varios cuentos de niños que el reconocido escritor Rafael Peralta Romero entrega para el público de nuestra revista. Mil gracias.
500 _aEl escritor Rafael Peralta Romero, es el actual director de la Biblioteca Nacional Pedro Henríquez Ureña, BNPHU.
520 _aMelancólica, frente al río, la niña llovía lágrimas. Se apoyaba en la piedra alta y pulida, como si se recostara en el tronco de un árbol. Tanto lloraba que parecía que con sus lágrimas quisiera aumentar el caudal del río...
650 0 _aCuento
_982713
_vPublicación periódica
_zRepública Dominicana
650 0 _aLiteratura infantil dominicana
_973308
_vPublicación periódica
773 0 _037028
_9284195
_o37538-9-61-1
_tVetas :
_w(DO-SdBNP)000037538
942 _2ddc
_cISSUE
999 _c58490
_d58490